K aplikaci soutěžního práva na trhy s vícestrannými platformami

Základné charakteristiky trhu s viacstrannými platformami. Špecifické spôsoby súťažno-právneho posudzovania tých trhov v praxi Európskej komisie. Prípad globálnych distribučných systémov v oblasti cestovného ruchu. Online reklama a internetové vyhľadávanie so zameraním na kauzy spoločnosti Google.

Enregistré dans:
Détails bibliographiques
Auteur principal: Mikeš, Stanislav
Format: Chapitre de livre
Langue:tchèque
Sujets:
Tags: Ajouter un tag
Pas de tags, Soyez le premier à ajouter un tag!

MARC

LEADER 00000naa a2200000 4500
001 0226200
005 20221019163046.5
041 0 |a cze 
044 |a CZ 
245 1 0 |a K aplikaci soutěžního práva na trhy s vícestrannými platformami  |c Stanislav Mikeš 
520 |a Základné charakteristiky trhu s viacstrannými platformami. Špecifické spôsoby súťažno-právneho posudzovania tých trhov v praxi Európskej komisie. Prípad globálnych distribučných systémov v oblasti cestovného ruchu. Online reklama a internetové vyhľadávanie so zameraním na kauzy spoločnosti Google. 
610 2 0 |a právo súťažné 
610 2 0 |a internet 
610 2 0 |a ochrana súťaže hospodárskej 
610 2 0 |a Európska komisia 
610 2 0 |a politika protimonopolná 
610 2 0 |a konkurencia 
100 1 |a Mikeš, Stanislav